书目信息 |
| 题名: |
科学技术百科全书
|
|
| 作者: | 拉佩兹 主编 | |
| 分册: | 第一卷 数学 | |
| 出版信息: | 北京 科学出版社 1980.5 |
|
| 页数: | 376页 | |
| 开本: | 26cm | |
| 丛书名: | ||
| 单 册: | ||
| 中图分类: | N61 | |
| 科图分类: | ||
| 主题词: | 自然科学--名词术语 , 自然科学--词典 , 自然科学--百科全书 | |
| 电子资源: | ||
| ISBN: | ||
| 000 | 00637nam0 2200217 45 | |
| 001 | 0312221749 | |
| 005 | 20060626162726.35 | |
| 010 | @dCNY7.90 | |
| 100 | @a20031222d1980 km y0chiy0120 ea | |
| 101 | @achi | |
| 200 | 1 | @a科学技术百科全书@Ake xue ji shu bai ke quan shu@h第一卷@i数学@f丹尼尔·拉佩兹主编@Fdan ni er·la pei zi zhu bian |
| 210 | @a北京@c科学出版社@d1980.5 | |
| 215 | @a376页@d26cm | |
| 517 | 1 | @a数学@Ashu xue |
| 606 | 0 | @a自然科学@x名词术语 |
| 606 | 0 | @a自然科学@x词典 |
| 606 | 0 | @a自然科学@x百科全书 |
| 690 | @aN61@v3 | |
| 701 | 0 | @a拉佩兹@Ala pei zi@4主编 |
| 801 | @aCN@bTSTCL@c20060626 | |
| 905 | @a213230@dN61@e1:1 | |
| 科学技术百科全书.第一卷.数学/丹尼尔·拉佩兹主编.-北京:科学出版社,1980.5 |
| 376页;26cm |
| ISBN :CNY7.90 |
| ● |
| 相关链接 |
|
|
|
|
正题名:科学技术百科全书
索取号:N61/1:1
 
预约/预借
| 序号 | 登录号 | 条形码 | 馆藏地/架位号 | 状态 | 备注 |
| 1 | 0161688 | 202446255 | 第二样本阅览室/ [索取号:N61/1:1] | 在馆 | |
| 2 | 0421206 | 204212066 | 密集书库/ [索取号:N61/1:1] | 在馆 |